000 01731cam a22004814i 4500
003 PE-LiUPU
005 20250731173503.0
008 150616s1994 xxu r 000 0 eng d
020 _a0809135167
035 _a(Sirsi) i9780809135165
040 _aPE-LiUPU
_bspa
_cPE-LiUPU
_erda
049 _aPRUA
082 0 4 _a232.901
_bB23I
_221
100 1 _aBrown, Raymond E.
_q(Raymond Edward),
_d1928-1998
_eautor.
245 1 3 _aAn introduction to New Testament Christology /
_cpor Raymond E. Brown.
264 1 _aNew York/Mahwah :
_bPaulist Press,
_c1994.
300 _a226 páginas ;
_c21 centímetros
336 _atext
_2rdacontent
337 _aunmediated
_2rdamedia
338 _avolume
_2rdacarrier
505 0 _aThe meaning of Christology and different approacches -- The Christology of Jesus -- The Christologies of New Testament Christians. Jesus.
526 _aSEG42
526 _aSEG41
526 _aSEG40
526 _aSEG39
526 _aP94
526 _aP87
526 _aP86
526 _aP85
526 _aP77
526 _aP76
526 _aP35
600 0 4 _aJesucristo
_xPersona y cargos
_xEnseñanza bíblica.
630 0 4 _aBiblia.
_pN.T.
_xTeología.
630 0 4 _aBiblia.
_pN.T.
_xCrítica, interpretación, etc.
910 _ajck
_bjvq
_cjck
942 _2ddc
_cBOOK
949 _a232.901 B23I
_wDEWEY
_c1
_i40356
_lCCODEBUL1
_mBUL
_r0
_sY
_tBOOK
_u2015-6-16
_xTEOLOGIA
_zUNKNOWN
_0COMPRA
_o.STAFF. Colección Teología
994 _aC0
_bPEPRU
596 _a1
999 _a232.901 B23I
_wDEWEY
_c58162
_i40356
_f2021-11-10
_g5
_lCCODEBUL1
_mBUL
_p20.00
_r0
_sY
_tBOOK
_u2015-6-16
_xTEOLOGIA
_PP35
_0COMPRA
_o.STAFF. Colección Teología
_d58162
980 _81
_gALBERTO SANCHEZ Responsable de Automatización